000
00320nam a22001457a 4500
003
SGT
082
_a
344.4650954,KUM
100
_a
KUMAR,H.L
245
_a
PRACTICAL GUIDE TO FACTORIES ACT
250
_a
7TH
260
_a
NEW DELHI
_b
UNIVERSAL BOOK
_c
2014
300
_a
300
650
_a
FACTORIES ACT
942
_2
ddc
_c
BK
999
_c
9782
_d
9782